000 01480cam a2200373 i 4500
001 40640
003 Mx-PuUPA
005 20220330130829.0
008 140415s2020 uk a fr 001 0 eng d
020 _a9781800561410
040 _aMx-PuUPA
_bspa
_cMx-PuUPA
_dMx-PuUPA
_erda
041 0 _aeng
100 1 _911534
_aSchmarzo, Bill,
_eautor
245 1 4 _aThe economics of data, analytics, and digital transformation :
_bthe theorems, laws, and empowerments to guide your organization's digital transformation /
_cBill Schmarzo ; foreword by Kirk Borne
250 _aFirst published
264 1 _aBirmingham, UK :
_bPackt Publishing,
_c2020
300 _axv, 227 páginas :
_bilustraciones ;
_c23 cm
336 _2rdacontent
_atexto
_btxt
337 _2rdamedia
_asin medio
_bn
338 _2rdacarrier
_avolumen
_bnc
490 0 _aExpert insight
650 7 _aTecnología de la información
_xAdministración
_2armarc
650 7 _aBig Datta
_2armarc
650 7 _aCaptura y análisis de datos
_2armarc
650 7 _aDiseño y teoría de bases de datos
_2armarc
650 7 _aComputadoras
_xProcesamiento de datos
_2armarc
700 1 _aBorne, Kirk,
_eprologuista
942 _2ddc
_cLI
_h658.403802855745
_iS295
999 _c40640
_d40640